000 00653nam a2200241Ia 4500
003 OSt
005 20221007104636.0
006 a|||||r|||| 00| 0
007 ta
008 221006b |||||||| |||| 00| 0 eng d
024 _a16,439
037 _cTextual
040 _aLCO
_cLCO
_beng
041 _2eng
_aeng
082 _aZ3,91w73,M70, L4
100 _aWigdor David
_9706188
245 0 _aRoscoe Pound
_b Philosopher of Law
260 _aLondon
_bGreenwood Press UK
_c1974
300 _a356
650 _aPHILOSOPHER OF LAW
_9706189
942 _hZ3,91w73,M70, L4
_cTEXL
999 _c1186002
_d1186002